000 01033nam a22002651u 4500
001 12305
003 HDC
007 cr bn ---
008 210209p2004 my eng
040 _aHDC
100 _aRazali Mustaffa,
_eauthor
_912790
245 0 _aEffect of different forms of cutting on quality of minimally processed long bean (Vigna sesquipedalis L.) during storage /
_cby Razali Mustaffa, Habsah Mohamad and Che Omar Dali
260 _aSerdang :
_bMalaysian Agricultural Research and Development Institute (MARDI),
_c2004
300 _a1 page
336 _atext
_2rdacontent
337 _acomputer
_2rdamedia
338 _aonline resource
_2rdacarrier
650 _aCutting form
_912845
650 _aEthylene production rate
_912844
650 _aMinimally processed
_912566
856 _zRequest full-text at [email protected]
942 _2lcc
942 _cAR
942 _kJART 003084
999 _c9628
_d9628